Band Members by Instrument - Heartland / Southern Rock Edition - Statistics

General Stats
  • This quiz has been taken 94 times
  • The average score is 14 of 39
Answer Stats
Band Instrument or Role Answer % Correct
Tom Petty and the Heartbreakers (1976-1994) Vocals, Rhythm Guitar Tom Petty
99%
Bruce Springsteen and the E Street Band (1975-1984) Vocals, Lead Guitar Bruce Springsteen
93%
Creedence Clearwater Revival (1967-1971) Vocals, Lead Guitar John Fogerty
87%
The Allman Brothers Band (1969-1971) Guitar Duane Allman
85%
The Allman Brothers Band (1969-1971) Vocals, Keyboards Gregg Allman
85%
Creedence Clearwater Revival (1967-1971) Rhythm Guitar Tom Fogerty
80%
The Eagles (1973-1977) Vocals, Drums Don Henley
77%
The Eagles (1973-1977) Lead Guitar Bernie Leadon / Joe Walsh
68%
The Eagles (1973-1977) Vocals, Rhythm Guitar, Keyboards Glenn Frey
68%
Lynyrd Skynyrd (1972-1977) Vocals Ronnie Van Zant
66%
Bruce Springsteen and the E Street Band (1975-1984) Rhythm Guitar Steven Van Zandt
56%
Bruce Springsteen and the E Street Band (1975-1984) Saxophone Clarence Clemons
35%
The Eagles (1973-1977) Lead Guitar Don Felder
34%
Lynyrd Skynyrd (1972-1977) Guitar Gary Rossington
32%
The Band (1968-1977) Guitar, Vocals Robbie Robertson
32%
The Band (1968-1977) Drums, Vocals Levon Helm
31%
The Eagles (1973-1977) Bass Randy Meisner
27%
Lynyrd Skynyrd (1972-1977) Guitar Allen Collins
25%
Lynyrd Skynyrd (1972-1977) Guitar Ed King / Steve Gaines
25%
Bruce Springsteen and the E Street Band (1975-1984) Drums Max Weinberg
25%
The Allman Brothers Band (1969-1971) Guitar Dickey Betts
24%
Tom Petty and the Heartbreakers (1976-1994) Lead Guitar Mike Campbell
21%
Creedence Clearwater Revival (1967-1971) Drums Doug Clifford
20%
The Band (1968-1977) Bass, Vocals Rick Danko
20%
Lynyrd Skynyrd (1972-1977) Drums Bob Burns / Artimus Pyle
18%
Creedence Clearwater Revival (1967-1971) Bass Stu Cook
18%
The Allman Brothers Band (1969-1971) Drums Butch Trucks
14%
The Band (1968-1977) Keyboards Garth Hudson
13%
The Band (1968-1977) Vocals, Piano Richard Manuel
13%
Bruce Springsteen and the E Street Band (1975-1984) Keyboards Roy Bittan
13%
Tom Petty and the Heartbreakers (1976-1994) Keyboards Benmont Tench
11%
Bruce Springsteen and the E Street Band (1975-1984) Bass Garry Tallent
11%
Lynyrd Skynyrd (1972-1977) Keyboards Billy Powell
10%
Bruce Springsteen and the E Street Band (1975-1984) Keyboards Danny Federici
10%
Tom Petty and the Heartbreakers (1976-1994) Drums Stan Lynch
10%
Lynyrd Skynyrd (1972-1977) Bass Leon Wilkeson
8%
Tom Petty and the Heartbreakers (1976-1994) Bass Ron Blair / Howie Epstein
7%
The Allman Brothers Band (1969-1971) Drums Jai Johanny "Jaimoe" Johanson
6%
The Allman Brothers Band (1969-1971) Bass Berry Oakley
4%
No matching quizzes found
Score Distribution
Percent of People with Each Score
Percentile by Number Answered
Your Score History
You have not taken this quiz